LEADER 01063nam 2200361 450 001 990000732960203316 010 $a0-387-94363-3 035 $a0073296 035 $aUSA010073296 035 $a(ALEPH)000073296USA01 035 $a0073296 100 $a20011112d1995----km-y0itay0103----ba 101 $aeng 102 $aUS 105 $a||||||||001yy 200 1 $aCycle representations of Markov processes$fSophia L. Kalpazidou 210 $aNew York$cSpringer$dc1995 215 $aXV, 194 p$d24 cm 225 2 $aApplications of mathematics$v28 410 $12001$aApplications of mathematics$v28 606 0 $aProcessi di Markov 676 $a519.233 700 1$aKALPAZIDOU,$bSophia L.$060748 801 0$aIT$bsalbc$gISBD 912 $a990000732960203316 951 $a519.233 KAL$b10960 ING$c519.233 959 $aBK 969 $aTEC 979 $aPATTY$b90$c20011112$lUSA01$h1415 979 $c20020403$lUSA01$h1721 979 $aPATRY$b90$c20040406$lUSA01$h1650 996 $aCycle representations of Markov processes$983364 997 $aUNISA LEADER 02865oam 2200613I 450 001 9910974760903321 005 20251116175756.0 010 $a1-134-49934-5 010 $a1-134-49935-3 010 $a1-280-07481-7 010 $a9786610074815 010 $a0-203-40274-X 024 7 $a10.4324/9780203402740 035 $a(CKB)1000000000251528 035 $a(EBL)198345 035 $a(SSID)ssj0000301863 035 $a(PQKBManifestationID)11215513 035 $a(PQKBTitleCode)TC0000301863 035 $a(PQKBWorkID)10264237 035 $a(PQKB)11044608 035 $a(MiAaPQ)EBC198345 035 $a(Au-PeEL)EBL198345 035 $a(CaPaEBR)ebr10857907 035 $a(CaONFJC)MIL7481 035 $a(OCoLC)913796828 035 $a(OCoLC)56317061 035 $a(EXLCZ)991000000000251528 100 $a20180331d2001 uy 0 101 0 $aeng 135 $aur|n|---||||| 181 $ctxt 182 $cc 183 $acr 200 10$aLithuania $estepping westward /$fThomas Lane 210 1$aLondon ;$aNew York :$cRoutledge :$cTaylor & Francis Group,$d2001. 215 $a1 online resource (287 p.) 225 1 $aPostcommunist states and nations 300 $aFirst published 2001 by Routledge. 311 08$a0-203-41145-5 311 08$a0-415-26731-5 320 $aIncludes bibliographical references and index. 327 $aCover; Half Title; Title Page; Copyright Page; Dedication; Table of Contents; Chronology; Preface; Introduction; Map of Lithuania; Section I: Revival and Repression 1914-1985; 1 Independent Lithuania between the Wars; 2 Sovietization 1940-1985; Section II: Independence and the Politics of Transition1985-1999; 3 The Achievement of Independence 1985-1991; 4 Government and Politics in Independent Lithuania; 5 The Lithuanian Economy after Independence; 6 Lithuania's Foreign and National Security Policy; Bibliography; Index 330 $aLithuania restored her independence, after half a century of Soviet occupation, in the immediate aftermath of the failed Moscow coup in August 1991. As the multi-national Soviet state disintegrated, Lithuania evolved, without war or violence, from a communist state and a command economy to a liberal democracy, a free market, and a society guaranteeing human and minority rights. Lithuania therefore offers a notable example of peaceful transition, all the more impressive in the light of the bloody conflict elsewhere in the former Soviet Union of Yugoslavia, where the aspirations to independence 410 0$aPostcommunist states and nations. 607 $aLithuania$xHistory 607 $aLithuania$xPolitics and government 676 $a327.4793047 700 $aLane$b Thomas.$0686869 801 0$bFlBoTFG 801 1$bFlBoTFG 906 $aBOOK 912 $a9910974760903321 996 $aLithuania$91271560 997 $aUNINA